Beszélgetések Lukács Györggyel harmadik beszélgetés

Elmentve itt :
Bibliográfiai részletek
Szerző: Lukács György
További közreműködők: Abendroth, Wolfgang
Révai Gábor
Adatforrás:Philobibl
Forrásdokumentuma:Tájékoztató
1986:6. 7-35. p.
Dokumentumtípus: Cikk
Nyelv:magyar
Kulcsszavak:tudománypolitika
Online elérés:előfizetéssel hozzáférhető
LEADER 00639nab a2200157 c 4500
001 bibDOK00004183
005 20230519095427.3
008 060518s1986 hu hun
100 1 |a Lukács György 
245 1 0 |a Beszélgetések Lukács Györggyel  |b harmadik beszélgetés  |c Lukács György ; Abendroth, Wolfgang ; Révai Gábor (ford.) 
500 |a Mi szükséges a tudományos politikához? 
695 |a tudománypolitika 
700 1 |a Abendroth, Wolfgang 
700 1 |a Révai Gábor 
773 0 |t Tájékoztató  |g 1986:6. 7-35. p. 
856 4 1 |3 full text  |u https://adt.arcanum.com/hu/view/Tajekoztato_1986/?pg=972&layout=s  |z előfizetéssel hozzáférhető